00729nam a22002537a 450000500170000001000110001702000100002803500110003803700160004904000120006508200130007710000250009024500410011525000110015626000430016727000140021030000200022450000200024465000300026465000220029494200220031699900190033895201180035720170124105956.0 a555998 c00.00 a555998 bCen Lib/Ret aDPLbEN a320bHAN aSharma, B. M.991807 aModern government /cby B.M. Sharma  a8th ed aNew DelhibAsia Publishing Housec1969 bNew Delhi a778p.c20cm(Hb) aIncludes index  aPolitical science 991808 aGovernment914676 2ddccENh320mSHA c125533d125533 00104070aLbLd2015-06-22eCen Lib/Retg0.00l0o320 HANp555998r2015-06-22 00:00:00t1v0.00w2015-06-22yEN